[Event "CZE-chT2D 1516"]
[Site "Czech Republic"]
[Date "2016.03.13"]
[Round "9.6"]
[White "Cesenek, Jan"]
[Black "Mohapl, Petr"]
[Result "1-0"]
[WhiteElo "1985"]
[BlackElo "2101"]
[PlyCount "119"]
[EventDate "2015.10.18"]
[EventType "team-tourn"]
[EventRounds "11"]
[EventCountry "CZE"]
[SourceTitle "EXT 2022"]
[Source "ChessBase"]
[SourceDate "2021.10.06"]
[SourceVersion "1"]
[SourceVersionDate "2021.10.06"]
[SourceQuality "1"]
[WhiteTeam "Chrudim"]
[BlackTeam "Litovel Tatran II"]
[WhiteTeamCountry "CZE"]
[BlackTeamCountry "CZE"]

1. e4 d5 2. exd5 Qxd5 3. Nc3 Qa5 4. d4 Nf6 5. Nf3 Bg4 6. Be2 c6 7. Ne5 Bf5 8. 0-0 e6 9. Bf4 Bb4 10. Nc4 Qd8 11. a3 Be7 12. Qd2 0-0 13. Rad1 Nd5 14. Nxd5 cxd5 15. Ne3 Be4 16. f3 Bg6 17. Bd3 Nc6 18. Bxg6 hxg6 19. Ng4 Qb6 20. c3 Rac8 21. Bg3 Na5 22. Qf2 Nc4 23. Rb1 Rfe8 24. Rfe1 Qb3 25. Ne5 Nxe5 26. Bxe5 b5 27. Qg3 Rc6 28. h4 Bf6 29. h5 Bxe5 30. Rxe5 Qc2 31. Rbe1 gxh5 32. Rxh5 Rcc8 33. Qh4 f6 34. Rxe6 Rxe6 35. Rh8+ Kf7 36. Rxc8 Qf5 37. Rc7+ Re7 38. Rxe7+ Kxe7 39. Qg3 Qb1+ 40. Kh2 Qh7+ 41. Qh3 Qc2 42. Qh8 Qg6 43. Qc8 Qh6+ 44. Kg3 Qg6+ 45. Qg4 Qh6 46. Qf5 g5 47. Qh3 Qg6 48. Qc8 Qh5 49. Qb7+ Ke6 50. Qc6+ Ke7 51. Qc7+ Ke6 52. Kf2 Qh4+ 53. Qg3 Qh7 54. Qh3+ Qxh3 55. gxh3 a5 56. b3 a4 57. bxa4 bxa4 58. Ke3 Kf5 59. Kd3 Kf4 60. c4 1-0

[Event "CZE-chT2D 1516"]
[Site "Czech Republic"]
[Date "2016.02.07"]
[Round "7.5"]
[White "Hostinsky, Jiri"]
[Black "Cesenek, Jan"]
[Result "0-1"]
[WhiteElo "2148"]
[BlackElo "1985"]
[PlyCount "70"]
[EventDate "2015.10.18"]
[EventType "team-tourn"]
[EventRounds "11"]
[EventCountry "CZE"]
[SourceTitle "EXT 2022"]
[Source "ChessBase"]
[SourceDate "2021.10.06"]
[SourceVersion "1"]
[SourceVersionDate "2021.10.06"]
[SourceQuality "1"]
[WhiteTeam "Polabiny II"]
[BlackTeam "Chrudim"]
[WhiteTeamCountry "CZE"]
[BlackTeamCountry "CZE"]

1. e4 c5 2. Nf3 d6 3. d4 cxd4 4. Nxd4 Nf6 5. Nc3 e6 6. Be2 Be7 7. g4 h6 8. Be3 a6 9. Qd2 Qc7 10. 0-0-0 Nc6 11. h4 Nd7 12. g5 hxg5 13. hxg5 Rxh1 14. Rxh1 Nf8 15. f4 Bd7 16. f5 Ne5 17. Rf1 Nc4 18. Bxc4 Qxc4 19. Qf2 e5 20. f6 exd4 21. fxg7 dxe3 22. Qe2 Bb5 23. g8Q Qxe2 24. Qxf7+ Kd7 25. Nxe2 Bxe2 26. Re1 Ne6 27. g6 Rf8 28. Qh7 Ng5 29. Qh6 Rf1 30. Rxf1 Bxf1 31. g7 Bc4 32. b3 e2 33. Qh1 Be6 34. Kd2 Bg8 35. Kxe2 Ke6 0-1

[Event "CZE-chTB U20 1213"]
[Site "Czech Republic"]
[Date "2013.04.14"]
[Round "11.2"]
[White "Cesenek, Jan"]
[Black "Melzer, Patrik"]
[Result "0-1"]
[WhiteElo "1778"]
[BlackElo "2135"]
[PlyCount "34"]
[EventDate "2012.10.06"]
[EventType "team-tourn"]
[EventRounds "11"]
[EventCountry "CZE"]
[SourceTitle "EXT 2015"]
[Source "ChessBase"]
[SourceDate "2014.11.20"]
[SourceVersion "1"]
[SourceVersionDate "2014.11.20"]
[SourceQuality "1"]
[WhiteTeam "Policka (U20)"]
[BlackTeam "Havirov (U20)"]
[WhiteTeamCountry "CZE"]
[BlackTeamCountry "CZE"]

1. e4 d5 2. exd5 Qxd5 3. Nc3 Qa5 4. d4 Nf6 5. Nf3 c6 6. Be2 Bf5 7. 0-0 e6 8. Ne5 Bb4 9. Nc4 Qc7 10. Be3 Nbd7 11. Qc1 Bxc3 12. Bf4 e5 13. dxe5 Bxe5 14. Bxe5 Nxe5 15. Qf4 Bxc2 16. Rac1 Be4 17. Rfd1 Nf3+ 0-1

[Event "CZE-chTB U20 1213"]
[Site "Czech Republic"]
[Date "2013.04.13"]
[Round "10.2"]
[White "Zeman, Radek"]
[Black "Cesenek, Jan"]
[Result "1/2-1/2"]
[WhiteElo "1796"]
[BlackElo "1778"]
[PlyCount "96"]
[EventDate "2012.10.06"]
[EventType "team-tourn"]
[EventRounds "11"]
[EventCountry "CZE"]
[SourceTitle "EXT 2015"]
[Source "ChessBase"]
[SourceDate "2014.11.20"]
[SourceVersion "1"]
[SourceVersionDate "2014.11.20"]
[SourceQuality "1"]
[WhiteTeam "Brno Duras (U20)"]
[BlackTeam "Policka (U20)"]
[WhiteTeamCountry "CZE"]
[BlackTeamCountry "CZE"]

1. d4 Nf6 2. Nf3 e6 3. e3 b6 4. c4 Bb7 5. Bd3 Be7 6. Nc3 0-0 7. 0-0 d5 8. b3 c5 9. Bb2 Nbd7 10. Qe2 Rc8 11. Rfd1 Qc7 12. Rac1 dxc4 13. Bxc4 Rfd8 14. dxc5 Nxc5 15. Nd4 Qb8 16. Kh1 Kh8 17. a3 Nce4 18. Nxe4 Nxe4 19. Bd3 Bf6 20. b4 Be5 21. h3 Rxc1 22. Rxc1 Rc8 23. Rc2 Nf6 24. Kg1 Nd5 25. Qh5 g6 26. Rxc8+ Bxc8 27. Qd1 Bb7 28. Qa1 Kg8 29. Nb5 Bxb2 30. Qxb2 a6 31. Nd4 e5 32. Nf3 f6 33. Bc4 b5 34. Bb3 Kg7 35. Qc2 Qc7 36. Qxc7+ Nxc7 37. Ne1 e4 38. Nc2 Bd5 39. Nd4 Bxb3 40. Nxb3 Kf7 41. Nc5 f5 42. f3 exf3 43. gxf3 Kf6 44. Kf2 Ke5 45. Ke2 g5 46. Kd3 h5 47. Nd7+ Ke6 48. Nc5+ Ke5 1/2-1/2

[Event "Czech Fed-ch U16"]
[Site "Hrdonov"]
[Date "2012.10.26"]
[Round "8"]
[White "Cesenek, Jan"]
[Black "Danhel, Lukas"]
[Result "1-0"]
[WhiteElo "1778"]
[BlackElo "1568"]
[PlyCount "51"]
[EventDate "2012.10.20"]
[EventType "swiss"]
[EventRounds "9"]
[EventCountry "CZE"]
[SourceTitle "CBM 151 Extra"]
[Source "ChessBase"]
[SourceDate "2012.12.18"]
[SourceVersion "1"]
[SourceVersionDate "2012.12.18"]
[SourceQuality "1"]

1. e4 c5 2. Nf3 Nc6 3. d4 cxd4 4. Nxd4 g6 5. Nc3 Bg7 6. Be3 Nf6 7. Be2 0-0 8. 0-0 d5 9. exd5 Nxd5 10. Nxd5 Qxd5 11. Bf3 Qc4 12. Nxc6 bxc6 13. c3 Bf5 14. Qc1 a5 15. Rd1 Rab8 16. b3 Qa6 17. Bh6 Rfd8 18. Bxg7 Kxg7 19. Qe3 Be6 20. Qe5+ Kg8 21. Qc7 Rxd1+ 22. Rxd1 Rb7 23. Rd8+ Kg7 24. Qe5+ Kh6 25. g4 g5 26. Rg8 1-0

[Event "Czech Fed-ch U16"]
[Site "Hrdonov"]
[Date "2012.10.22"]
[Round "3"]
[White "Simon, Lukas"]
[Black "Cesenek, Jan"]
[Result "1/2-1/2"]
[WhiteElo "1573"]
[BlackElo "1778"]
[PlyCount "134"]
[EventDate "2012.10.20"]
[EventType "swiss"]
[EventRounds "9"]
[EventCountry "CZE"]
[SourceTitle "CBM 151 Extra"]
[Source "ChessBase"]
[SourceDate "2012.12.18"]
[SourceVersion "1"]
[SourceVersionDate "2012.12.18"]
[SourceQuality "1"]

1. d4 Nf6 2. c4 e6 3. Nc3 b6 4. Bg5 Be7 5. Nf3 Bb7 6. e3 0-0 7. Bd3 d5 8. 0-0 Nbd7 9. Rc1 c5 10. Qe2 Ne4 11. Bxe7 Qxe7 12. Nd2 f5 13. f3 Nxc3 14. bxc3 Rae8 15. f4 Kh8 16. Qf2 Ba6 17. Qe2 Nf6 18. Nf3 Bb7 19. Ne5 dxc4 20. Bxc4 Rd8 21. Rfd1 Ne4 22. Bd3 Kg8 23. Bxe4 Bxe4 24. Rd2 cxd4 25. cxd4 Rc8 26. Rdd1 Qa3 27. Qd2 b5 28. Kf2 Rfd8 29. Re1 a5 30. Red1 Qa4 31. Re1 Bd5 32. Rxc8 Rxc8 33. Re2 Be4 34. Nd3 Bxd3 35. Qxd3 Rc1 36. Rb2 b4 37. Qd2 Qc6 38. Kg3 Rc3 39. Kf2 Qe4 40. h3 Qc6 41. Qe2 a4 42. Qf3 Qxf3+ 43. Kxf3 b3 44. axb3 Rxb3 45. Rc2 a3 46. Rc7 a2 47. Ra7 Rb2 48. g4 g6 49. gxf5 gxf5 50. e4 Rb3+ 51. Kg2 fxe4 52. Rxa2 Rf3 53. Rf2 Rd3 54. f5 e3 55. Re2 exf5 56. Kf3 Rxd4 57. Rxe3 Kf7 58. Rb3 Kf6 59. Rb8 Rd3+ 60. Kf4 Rd4+ 61. Kf3 Kg5 62. Rg8+ Kh4 63. Rf8 Rd5 64. Kf4 h5 65. Rxf5 Rxf5+ 66. Kxf5 Kg3 67. h4 Kxh4 1/2-1/2

[Event "Czech Fed-ch U16"]
[Site "Hrdonov"]
[Date "2012.10.20"]
[Round "1"]
[White "Hanzlik, Tomas"]
[Black "Cesenek, Jan"]
[Result "1/2-1/2"]
[WhiteElo "1667"]
[BlackElo "1778"]
[PlyCount "77"]
[EventDate "2012.10.20"]
[EventType "swiss"]
[EventRounds "9"]
[EventCountry "CZE"]
[SourceTitle "CBM 151 Extra"]
[Source "ChessBase"]
[SourceDate "2012.12.18"]
[SourceVersion "1"]
[SourceVersionDate "2012.12.18"]
[SourceQuality "1"]

1. Nf3 Nf6 2. d4 d5 3. g3 e6 4. Bg2 Bd6 5. 0-0 0-0 6. b3 Nbd7 7. Bb2 Ne4 8. Nbd2 Ndf6 9. Nxe4 Nxe4 10. Nd2 f5 11. Nxe4 fxe4 12. f3 exf3 13. Rxf3 Bd7 14. Qd2 Qe7 15. Raf1 Rxf3 16. Rxf3 Rf8 17. Rxf8+ Qxf8 18. e4 c6 19. exd5 exd5 20. Qa5 Qe7 21. Qd2 Bg4 22. c3 Qe6 23. Bc1 h6 24. b4 Qf5 25. a3 Bf3 26. Bxf3 Qxf3 27. Qe3 Qd1+ 28. Kg2 Qc2+ 29. Kh3 Qf5+ 30. Kg2 Kf7 31. Qf3 Kg6 32. Qxf5+ Kxf5 33. Kf3 h5 34. h3 g5 35. g4+ hxg4+ 36. hxg4+ Kf6 37. Be3 b5 38. Bd2 Bh2 39. Be3 1/2-1/2

[Event "CZE-chTW U20 1213"]
[Site "Czech Republic"]
[Date "2012.10.07"]
[Round "3.1"]
[White "Cesenek, Jan"]
[Black "Khamidov, Komil"]
[Result "0-1"]
[WhiteElo "1778"]
[BlackElo "2110"]
[PlyCount "80"]
[EventDate "2012.10.06"]
[EventType "team-tourn"]
[EventRounds "11"]
[EventCountry "CZE"]
[SourceTitle "EXT 2015"]
[Source "ChessBase"]
[SourceDate "2014.11.20"]
[SourceVersion "1"]
[SourceVersionDate "2014.11.20"]
[SourceQuality "1"]
[WhiteTeam "Policka (U20)"]
[BlackTeam "Liberec Desko (U20)"]
[WhiteTeamCountry "CZE"]
[BlackTeamCountry "CZE"]

1. e4 e5 2. Nf3 Nc6 3. Bb5 a6 4. Ba4 Nf6 5. 0-0 b5 6. Bb3 Bc5 7. c3 d6 8. h3 Bb7 9. d4 Bb6 10. d5 Ne7 11. Nbd2 0-0 12. Re1 c6 13. dxc6 Bxc6 14. Bc2 Ng6 15. Nf1 Re8 16. Ng3 Nf4 17. Nf5 d5 18. Bxf4 exf4 19. N3d4 Bb7 20. e5 Ne4 21. Bxe4 dxe4 22. Qg4 g6 23. Nd6 Rxe5 24. Nxb7 Qc7 25. Qxf4 Rae8 26. Rad1 Qxb7 27. Re2 Qd5 28. b3 Qc5 29. Qe3 Qc7 30. Rc2 f5 31. Kh1 Rd5 32. g3 Red8 33. Qc1 Qb7 34. Kh2 b4 35. Rcd2 bxc3 36. Qxc3 Ba5 37. Qc4 Bxd2 38. Rxd2 Qf7 39. Qc3 Qf6 40. Qc4 Kh8 0-1

[Event "CZE-chTW U20 1213"]
[Site "Czech Republic"]
[Date "2012.10.07"]
[Round "4.1"]
[White "Franek, Jan1111"]
[Black "Cesenek, Jan"]
[Result "0-1"]
[WhiteElo "1976"]
[BlackElo "1778"]
[PlyCount "120"]
[EventDate "2012.10.06"]
[EventType "team-tourn"]
[EventRounds "11"]
[EventCountry "CZE"]
[SourceTitle "EXT 2015"]
[Source "ChessBase"]
[SourceDate "2014.11.20"]
[SourceVersion "1"]
[SourceVersionDate "2014.11.20"]
[SourceQuality "1"]
[WhiteTeam "Praha Bohemians (U20)"]
[BlackTeam "Policka (U20)"]
[WhiteTeamCountry "CZE"]
[BlackTeamCountry "CZE"]

1. e4 c5 2. Nf3 d6 3. d4 cxd4 4. Nxd4 Nf6 5. Nc3 a6 6. Bc4 e6 7. Be3 Be7 8. Qe2 Qc7 9. 0-0-0 Nbd7 10. Bxe6 fxe6 11. Nxe6 Qc6 12. Nxg7+ Kf7 13. Nf5 Ne5 14. Nxe7 Kxe7 15. Bg5 Kf7 16. Nd5 Nxd5 17. Qh5+ Ng6 18. exd5 Qd7 19. Rd4 Kg8 20. Re1 Qf7 21. Rf4 Bf5 22. Rd4 Rc8 23. Rd2 Ne5 24. Qe2 Qg6 25. f4 Nd3+ 26. Rxd3 Bxd3 27. Qe6+ Qxe6 28. Rxe6 Rxc2+ 29. Kd1 Kf7 30. Re3 Bg6 31. Re7+ Kf8 32. Rxb7 Rc8 33. Be7+ Ke8 34. Bxd6 h6 35. Re7+ Kd8 36. Rg7 Be4 37. Ra7 Bxd5 38. Be7+ Ke8 39. Bf6 Rg8 40. g3 Bxa2 41. Rxa6 Bb3+ 42. Kd2 Rc2+ 43. Ke3 Rxh2 44. Bh4 Rxb2 45. Rxh6 Bf7 46. Rd6 Bh5 47. f5 Re2+ 48. Kd3 Re1 49. Kc2 Re2+ 50. Kd3 Re1 51. Kc2 Kf7 52. Rd7+ Kf8 53. g4 Re2+ 54. Kd3 Bxg4 55. Rd8+ Re8 56. Rd5 Rh8 57. Bf2 Rh5 58. Bd4 Bxf5+ 59. Kc3 Rh3+ 60. Kc4 Be6 0-1

[Event "EU-ch U14"]
[Site "Prague"]
[Date "2012.08.21"]
[Round "5"]
[White "Cesenek, Jan"]
[Black "Johannesson, Oliver Aron"]
[Result "0-1"]
[WhiteElo "1736"]
[BlackElo "2047"]
[PlyCount "106"]
[EventDate "2012.08.17"]
[EventType "swiss"]
[EventRounds "9"]
[EventCountry "CZE"]
[SourceTitle "CBM 150 Extra"]
[Source "ChessBase"]
[SourceDate "2012.10.19"]
[SourceVersion "1"]
[SourceVersionDate "2012.10.19"]
[SourceQuality "1"]

1. e4 e6 2. d4 d5 3. exd5 exd5 4. Bd3 Bd6 5. Nf3 Ne7 6. h3 Nbc6 7. c3 Bf5 8. Qc2 Bxd3 9. Qxd3 Qd7 10. Be3 0-0 11. 0-0 Rfe8 12. Re1 Ng6 13. Nbd2 Nd8 14. Nb3 b6 15. Rad1 Ne6 16. Ne5 Bxe5 17. dxe5 Nxe5 18. Qxd5 Qxd5 19. Rxd5 Nc4 20. Bc1 Nf8 21. Rxe8 Rxe8 22. Rd4 Re1+ 23. Kh2 b5 24. Bf4 Ne6 25. Rd7 Nb6 26. Rd2 h6 27. Bg3 Nc4 28. Rd7 Re2 29. Nd4 Rxb2 30. Bxc7 Rxa2 31. Nxb5 Rc2 32. Nxa7 Rxc3 33. Bg3 Rc2 34. Nb5 Rd2 35. Rxd2 Nxd2 36. Nc7 Nf1+ 37. Kg1 Nxg3 38. Nxe6 fxe6 39. fxg3 Kf7 40. Kf2 Kf6 41. Ke3 Ke5 42. g4 g5 43. g3 Kd5 44. h4 e5 45. Kd3 e4+ 46. Ke3 Ke5 47. Ke2 Kd4 48. Kd2 e3+ 49. Ke2 Ke4 50. h5 Kd4 51. Ke1 Kd5 52. Kd1 Ke5 53. Ke1 Kd4 0-1

[Event "EU-ch U14"]
[Site "Prague"]
[Date "2012.08.19"]
[Round "3"]
[White "Cesenek, Jan"]
[Black "Gerlagh, Joris"]
[Result "1/2-1/2"]
[WhiteElo "1736"]
[BlackElo "1930"]
[PlyCount "95"]
[EventDate "2012.08.17"]
[EventType "swiss"]
[EventRounds "9"]
[EventCountry "CZE"]
[SourceTitle "CBM 150 Extra"]
[Source "ChessBase"]
[SourceDate "2012.10.19"]
[SourceVersion "1"]
[SourceVersionDate "2012.10.19"]
[SourceQuality "1"]

1. e4 c5 2. Nf3 Nc6 3. Nc3 e6 4. d4 cxd4 5. Nxd4 Nf6 6. Ndb5 Bb4 7. a3 Bxc3+ 8. Nxc3 d5 9. exd5 exd5 10. Bd3 0-0 11. 0-0 h6 12. h3 Be6 13. Bd2 d4 14. Ne4 Bd5 15. Qf3 Nxe4 16. Bxe4 Bxe4 17. Qxe4 Qb6 18. b3 Rfe8 19. Qf4 Ne5 20. Qg3 Qc6 21. Rac1 Re6 22. f4 Nd7 23. c3 Qb6 24. cxd4 Qxd4+ 25. Qf2 Qxf2+ 26. Kxf2 Rae8 27. Rfe1 Rxe1 28. Rxe1 Rxe1 29. Bxe1 Nc5 30. Ke3 Nxb3 31. Ke4 Nc5+ 32. Kd5 Ne6 33. Bd2 Kf8 34. Kd6 Ke8 35. Be3 b6 36. f5 Nd8 37. Kc7 h5 38. g4 hxg4 39. hxg4 f6 40. a4 Ke7 41. Bf4 Ke8 42. Kb8 Nc6+ 43. Kb7 Kd7 44. Bc1 Ne5 45. Kxa7 Kc6 46. g5 b5 47. axb5+ Kxb5 48. gxf6 1/2-1/2

[Event "EU-ch U14"]
[Site "Prague"]
[Date "2012.08.17"]
[Round "1"]
[White "Cesenek, Jan"]
[Black "Ladopoulos, Dimitrios"]
[Result "0-1"]
[WhiteElo "1736"]
[BlackElo "2027"]
[PlyCount "64"]
[EventDate "2012.08.17"]
[EventType "swiss"]
[EventRounds "9"]
[EventCountry "CZE"]
[SourceTitle "CBM 150 Extra"]
[Source "ChessBase"]
[SourceDate "2012.10.19"]
[SourceVersion "1"]
[SourceVersionDate "2012.10.19"]
[SourceQuality "1"]

1. Nf3 Nf6 2. g3 g6 3. Bg2 Bg7 4. 0-0 0-0 5. d4 d6 6. c4 Nbd7 7. Nc3 c6 8. Qc2 e5 9. Rd1 Qc7 10. e4 exd4 11. Nxd4 Ne5 12. b3 a6 13. a4 c5 14. Nde2 Bg4 15. Bf4 Rad8 16. Bxe5 dxe5 17. h3 Bc8 18. Nd5 Nxd5 19. cxd5 Bd7 20. Rab1 Qd6 21. Rd3 Rc8 22. Rc3 Rfe8 23. Rd1 b5 24. axb5 axb5 25. Ra1 f5 26. f3 b4 27. Rd3 Bb5 28. Rdd1 c4 29. bxc4 Rxc4 30. Qa2 Qc5+ 31. Kh2 Rc2 32. Rac1 Rxa2 0-1